El libro de Levante
Guardado en:
| Autor principal: | |
|---|---|
| Formato: | Libro |
| Lenguaje: | español |
| Publicado: |
Buenos Aires
Losada
1952
|
| Colección: | Biblioteca Contemporánea
|
| Materias: | |
| Etiquetas: |
Agregar Etiqueta
Sin Etiquetas, Sea el primero en etiquetar este registro!
|
MARC
| LEADER | 00000nam a2200000 a 4500 | ||
|---|---|---|---|
| 001 | UCY8325 | ||
| 003 | CL-VaPUC | ||
| 008 | 950703e19520000AG |||||||||||||||||spa|d | ||
| 082 | 0 | 4 | |a 863 |b AZO |2 21 |
| 100 | |a Azorín |e autor |q Martínez Ruiz, José |9 863023 | ||
| 245 | 1 | 3 | |a El libro de Levante |
| 300 | |a 118 p | ||
| 942 | |c BK | ||
| 945 | |d 19950703 00:00:00 |a rbrito | ||
| 260 | |a Buenos Aires |b Losada |c 1952 | ||
| 650 | 0 | |a Cuentos españoles |9 267960 | |
| 583 | |a last modification |c 19950703 00:00:00 |k Rodrigo Vera | ||
| 490 | 0 | |a Biblioteca Contemporánea | |
| 999 | |c 235593 |d 235591 | ||
| 952 | |0 0 |1 0 |4 0 |6 863_000000000000000_AZO_1952 |7 0 |8 A |9 243122 |a BIBEDU |b BIBEDU |d 2019-11-18 |i 3101207 |o 863 AZO 1952 |p 3101207 |r 2019-11-18 |w 2019-11-18 |y BK |k LIT | ||